000 00851nam a22002777a 4500
003 PE SENCICO BE
005 20251020182627.0
008 230221b |||||||| |||| 00| 0 eng d
020 _a978-3-03768-042-1
040 _aPE SENCICO BE
_cPE SENCICO BE
041 _aspa
082 _a720
_bV25
100 1 _9665
_aVan Uffelen, Chris
_eautor
245 1 _aPerformance :
_barchitecture + design /
_cChris Van Uffelen
250 _a1a ed.
260 _as.l. :
_bBraun Publishing,
_c2010
300 _a301 p. :
_bil. col., fotog.,
_c23 cm.
650 1 4 _949
_aArquitectura
650 2 4 _9191
_aArquitectura moderna
650 2 4 _9666
_aTeatros
650 2 4 _9191
_aArquitectura moderna
650 2 4 _9570
_aArquitectura urbana
650 2 4 _918
_aDiseño arquitectónico
910 _bhfp
_chfp
942 _2ddc
_cLIB
_h720
_iV25
999 _c3843
_d3843